01340nam a22003497a 4500003000500000005001700005008004100022010001000063011001000073035001000083040000900093090001000102100003400112245005800146260004000204300001100244502007500255590003700330590004100367590004100408590004100449590004200490650002700532650003900559901000700598942000900605949004300614949005500657999001700712952013300729952012800862CHAP20220817042554.0971013s1995 r 00010 d a48496 a49468 a53617 cCHAP aTesis00aTrejo Trejo, Nereyda.9114794 aEstudio de la ganadería ovina en los Valles de Apan aChapingo, Méx. :bEl autor,c1995 a117 h. aTesis (Ing. Agr. Esp. en Zootecnia) -- UACH. Departamento de Zootecnia aALEPHb10c20130110lUCH01h1320 aBATCH-UPDb10c20130110lUCH01h1312 aBATCH-UPDb10c20130410lUCH01h0825 aBATCH-UPDb10c20130914lUCH01h1513 aCONVERSIONb10c20130109lUCH01h132614aGanado lanarxHidalgo.14aGanado lanarxProducción.945214 aBK cFOLL bBCcTESd-118785eTS1h28230i53617si bBCcTESd33724000008223eTS2fc.2h28231i53617si c48496d48496 00102local4053708TESISaBCbBCcPA_TESISd2019-12-31fTESISl0p33724000008223r2019-12-31 00:00:00tc.2w2019-12-31yTESIS 00102local4051708TESISaBCbBCcPA_TESISd2019-12-31fTESISl0oTesisp-118785r2019-12-31 00:00:00w2019-12-31yTESIS